00414nam a2200157Ia 4500003000400000005001700004008004100021020001500062040000900077082001700086100002000103245007200123260003800195300000900233650001400242OSt20191220134401.0190216s9999||||xx |||||||||||||| ||und|| a0863113680 coclc a338.9bRAK/T aRakshit, Mihir  0aTrade, Mercantile Capital And Economic Development /cMihir Rakshit bOrient Longman,c1993.aHyderbad: a146p aEconomics